Etica, retórica, política

Wedi'i Gadw mewn:
Manylion Llyfryddiaeth
Prif Awdur: Camps, Victoria (Awdur)
Fformat: Llyfr
Iaith:Sbaeneg
Cyhoeddwyd: Madrid Alianza 1988
Cyfres:Alianza Universidad
Pynciau:
Tagiau: Ychwanegu Tag
Dim Tagiau, Byddwch y cyntaf i dagio'r cofnod hwn!

MARC

LEADER 00000cam a2200000 a 4500
001 UCV1960
003 CL-VaPUC
008 910715e19880000SP |||||||||||||||||spa|d
020 |a 8420625574 
082 0 4 |a 170  |b CAM  |2 21 
100 0 |a Camps, Victoria  |e author  |9 296134 
245 1 0 |a Etica, retórica, política 
300 |a 139 p 
942 |c BK 
945 |d 19910715 00:00:00 
260 |a Madrid  |b Alianza  |c 1988 
650 0 |a Etica política   |9 255799 
650 7 |a MONOLOGOS  |2 CL-VaPUC  |9 257025 
650 0 |a Diálogos  |9 257026 
650 0 |a Libertad  |9 255686 
650 7 |a FIN  |2 CL-VaPUC  |9 257027 
650 7 |a FILOSOFIA POLITICA  |2 CL-VaPUC  |9 296135 
650 0 |a Felicidad  |9 257029 
650 0 |a Justicia   |9 255408 
583 |a last modification  |c 20150907 02:21:35  |k Rodrigo Vera 
490 0 |a Alianza Universidad 
999 |c 209681  |d 209679 
952 |0 0  |1 0  |4 0  |6 170_000000000000000_CAM_1988  |7 0  |8 A  |9 185282  |a BIBTEO  |b BIBTEO  |d 2019-11-14  |i 2527723  |o 170 CAM 1988  |p 2527723  |r 2025-01-17  |w 2019-11-14  |y BK  |k ICR 
952 |0 0  |1 0  |3 erb  |4 0  |6 170_000000000000000_CAM_1988  |7 0  |8 A  |9 185283  |a BIBEDU  |b BIBEDU  |i 5197619  |o 170 CAM 1988  |p 5197619  |r 2019-11-14  |w 2019-11-14  |y BK  |z Catalogado en:20150911  |k FIL 
952 |0 0  |1 0  |3 erb  |4 0  |6 170_000000000000000_CAM_1988  |7 0  |8 A  |9 185284  |a BIBEDU  |b BIBEDU  |i 5197627  |o 170 CAM 1988  |p 5197627  |r 2019-11-14  |w 2019-11-14  |y BK  |z Catalogado en:20150911  |k FIL